000 00776nam a2200241Ia 4500
003 OSt
005 20220928134804.0
006 a|||||r|||| 00| 0
007 ta
008 220927b |||||||| |||| 00| 0 eng d
024 _a48032
037 _cTextual
040 _aSDCL
_cSDCL
_beng
041 _2eng
_aeng
082 _aV5'K<I, N4.2
100 _aBrady Thomas A Ed.
_9488317
245 0 _aHandbook of European history 1400-1600
_b Late middle ages renaissance and reformation
260 _aNew York
_b Tuta Sub Aegide Pallas
_c1994
700 _a Oberman Heiko A Ed.
_9488318
700 _a Tracy James D Ed.
_9488319
942 _hV5'K<I, N4.2
_cTEXL
_2CC
999 _c803288
_d803288